Statistics for Most populas cities in England

Click here to take the quiz!

General Stats

  • This quiz has been taken 549 times
    (434 since last reset)
  • The average score is 7 of 10

Answer Stats

HintAnswer% Correct
1.London
100%
6.Manchester
96%
7.Liverpool
91%
2.Birmingham
90%
3.Leeds
82%
8.Bristol
66%
4.Sheffield
64%
9.Leicester
47%
5.Bradford
40%
10.Wakefield
11%

Score Distribution

Percentile by Number Answered

Percent of People with Each Score

Your Score History

You have not taken this quiz since the last reset